| 000 | 01518nam0a2200325 4500 | ||
|---|---|---|---|
| 001 | RU\NLR\bibl\1035219 | ||
| 005 | 20260406164715.0 | ||
| 010 |
_a5-699-08791-5 _95000 |
||
| 021 |
_aRU _b2006-78060 _93957 |
||
| 035 | _a(nilc)RSL-KNO-002989679 | ||
| 035 | _a(NLR Aleph) 001022656 | ||
| 090 |
_a708410 _c708410 |
||
| 100 | _a20061208d2006 |||y0rusy50 ca | ||
| 101 | 0 | _arus | |
| 102 | _aRU | ||
| 105 | _ay zzzz||||| | ||
| 106 | _ar | ||
| 200 | 1 |
_aМиллион причин умереть _e[повесть] _fГалина Романова |
|
| 210 |
_aМосква _cЭксмо _d2006 |
||
| 215 |
_a315,[1] с. _d16 |
||
| 225 | 1 | _aДамские детективы | |
| 610 | 0 | _aФилологические науки. Художественная литература -- Российская Федерация -- Русская литература -- с сер. 50-х гг. 20 в. -- Произведения художественной литературы -- Художественная проза -- Романы. Повести. Рассказы -- Приключенческие и детективные романы, повести, рассказы | |
| 686 |
_aШ5(2=Р)75-644.6 _2rubbk |
||
| 700 | 1 |
_4070 _7ca _8rus _aРоманова _bГ. В. _cписатель _gГалина Владимировна _9120891 _3RU\NLR\auth\7711137 |
|
| 801 | 0 |
_aRU _bРКП _c20061208 _grcr |
|
| 801 | 1 |
_aRU _bРГБ _c20061208 |
|
| 801 | 2 |
_aRU _bNLR _c20070124 _grcr |
|
| 942 | _cBOOK | ||
| 980 | _aNB | ||